000 00338 a2200157 4500
001 57912
020 _a9785808116973
040 _cAnchieta - Pituba
100 _aBrezina, Thomas
240 1 0 _aA noite dos ninjas
_lpor
245 1 0 _aA noite dos ninjas
300 _a87
362 0 _a2008
650 4 _aLiteratura juvenil
942 _cBK
999 _c57912
_d57912